000 00945nam a2200301 a 4500
001 24420
003 CO-ViMGA
008 141112s2004 ck r 000 u spa d
020 _a9789582572656
040 _aCO-ViMGA
_bspa
_cCO-ViMGA
041 _aSPA
090 _aA RAT1
100 1 _aRathman, Peggy
_930771
245 1 0 _aBuenas noches, Gorila /
_cPeggy Rathman
250 _a8a ed.
260 _aBogotá :
_bEkaré,
_c2011
300 _a36 p. : il. col. : il.
490 _aPonte poronte
650 1 4 _aANIMALES DE LA SELVA - LIBROS DE IMAGENES
_936035
650 1 4 _aDESDE LOS 18 MESES
_936036
650 1 4 _aGORILAS - LIBROS DE IMAGENES
_936037
650 1 4 _aLEER ES MI CUENTO - COLECCION 2011
_936038
650 1 4 _aLITERATURA INFANTIL ESTADOUNIDENSE
_9717
650 1 4 _aZOOLOGICOS - LIBROS DE IMAGENES
_936039
700 1 _aMayobre, María Francisca, NULL - NULL
_936040
700 1 _aRathman, Peggy
_930771
942 _2ddc
_cBK
999 _c2317
_d2317